[Event "ITA-chT Final (Women) 1st"]
[Site "Arvier"]
[Date "2008.05.04"]
[Round "5"]
[White "Banki, Brigitta"]
[Black "Goi, Veronika"]
[Result "1/2-1/2"]
[WhiteElo "1792"]
[BlackElo "1923"]
[PlyCount "60"]
[EventDate "2008.05.02"]
[EventType "team-swiss"]
[EventRounds "5"]
[EventCountry "ITA"]
[SourceTitle "CBM 124 Extra"]
[Source "ChessBase"]
[SourceDate "2008.07.03"]
[SourceVersion "1"]
[SourceVersionDate "2008.07.03"]
[SourceQuality "1"]
[WhiteTeam "Pesaro"]
[BlackTeam "Mestre Capa Girls"]
[WhiteTeamCountry "ITA"]
[BlackTeamCountry "ITA"]

1. e4 e6 2. d4 d5 3. exd5 exd5 4. c3 Bd6 5. Nf3 Ne7 6. g3 c6 7. Bg2 Qc7 8. b3 b6 9. Nbd2 Bb7 10. Qc2 Nd7 11. a4 a5 12. Ba3 c5 13. dxc5 bxc5 14. 0-0 0-0 15. Rab1 Rfc8 16. Rfe1 Nf6 17. Nh4 Qd7 18. Ndf3 Ne4 19. Bc1 Rab8 20. Ng5 Nxg5 21. Bxg5 f6 22. Bd2 Bc6 23. c4 d4 24. Bxa5 Bxg2 25. Nxg2 Nc6 26. Bd2 Bc7 27. Nf4 Bxf4 28. Bxf4 Nb4 29. Qd1 Rb7 30. Qf3 Ra7 1/2-1/2

[Event "ITA-chT Final (Women) 1st"]
[Site "Arvier"]
[Date "2008.05.02"]
[Round "1"]
[White "Banki, Brigitta"]
[Black "Brunello, Marina"]
[Result "0-1"]
[WhiteElo "1792"]
[BlackElo "2035"]
[PlyCount "96"]
[EventDate "2008.05.02"]
[EventType "team-swiss"]
[EventRounds "5"]
[EventCountry "ITA"]
[SourceTitle "CBM 124 Extra"]
[Source "ChessBase"]
[SourceDate "2008.07.03"]
[SourceVersion "1"]
[SourceVersionDate "2008.07.03"]
[SourceQuality "1"]
[WhiteTeam "Pesaro"]
[BlackTeam "Milanese"]
[WhiteTeamCountry "ITA"]
[BlackTeamCountry "ITA"]

1. e4 e5 2. Nf3 Nc6 3. Bc4 Bc5 4. c3 Nf6 5. b4 Bb6 6. d3 d6 7. Bg5 0-0 8. 0-0 Be6 9. Nbd2 Qe7 10. Bxe6 fxe6 11. Nc4 Qf7 12. Qd2 Qg6 13. a4 a6 14. Nxb6 cxb6 15. Bxf6 Rxf6 16. Qe3 Raf8 17. Nh4 Qg4 18. Qg3 Qh5 19. h3 Rh6 20. b5 Ne7 21. bxa6 bxa6 22. Rab1 Nc8 23. f4 Qxh4 24. Qxh4 Rxh4 25. fxe5 dxe5 26. Rxf8+ Kxf8 27. c4 Rf4 28. a5 Rf7 29. axb6 Rb7 30. c5 Ke7 31. Ra1 Nxb6 32. cxb6 Rxb6 33. Ra5 Kf6 34. Kf2 Rb2+ 35. Kf3 Rb3 36. Rxa6 Rxd3+ 37. Ke2 Rb3 38. Ra7 h5 39. Ra8 Kg5 40. Rf8 Rb2+ 41. Kf3 h4 42. Rf7 Rb3+ 43. Kf2 g6 44. Rf3 Rb2+ 45. Kf1 Rb4 46. g3 Rxe4 47. gxh4+ Rxh4 48. Rg3+ Kf5 0-1